Statistics for Minecraft (PEACEFUL)

Click here to take the quiz!

General Stats

  • This quiz has been taken 543 times
  • The average score is 12 of 15

Answer Stats

HintAnswer% Correct
What tool is used for speeding up the chopping down of trees?Axe
98%
What tool is used to mine cobblestone, coal and iron ore?Pickaxe
97%
Which passive creature drops leather when killed?Cow
96%
Which hot, viscous liquid is dangerous to touch?Lava
92%
To travel faster in water, you can make a what?Boat
90%
What fruit drops out of the decaying leaves of oak trees?Apple
88%
When do zombies, spiders and skeletons come out?At night
88%
To grow wheat, first you must make a what?Hoe
84%
What precious mineral is the most sought-after object in the game?Diamond
83%
What creature can a saddle be placed on and freely ridden?Horse
83%
What creature is green and explodes in close proximity to the player?Creeper
81%
What liquid greatly increases the speed of growing plants?Water
79%
What is the name of the combined powers of the spider and the skeleton?Spider Jockey
72%
Grass is obtained when what block is left near grass?Dirt
60%
Skeletons can shoot arrows at you - what four-piece set can reduce the damage they deal?Armour
57%

Score Distribution

Percentile by Number Answered

Percent of People with Each Score

Your Score History

You have not taken this quiz